Fr. Conceicao Rodrigues College of Engineering

Getting More From Your PET/CBM (Record no. 31171)

MARC details
000 -LEADER
fixed length control field 00308nam a2200133Ia 4500
082 ## - DEWEY DECIMAL CLASSIFICATION NUMBER
Classification number 1.6
100 ## - MAIN ENTRY--PERSONAL NAME
Personal name Flinn/E.A/ Hill/ A.E
245 ## - TITLE STATEMENT
Title Getting More From Your PET/CBM
260 ## - PUBLICATION, DISTRIBUTION, ETC.
Name of publisher, distributor, etc. Sigma Techanical Press.
Place of publication, distribution, etc. Cheshire
Date of publication, distribution, etc. 1982
300 ## - PHYSICAL DESCRIPTION
Extent 198
546 ## - LANGUAGE NOTE
Language note ENGLISH
654 ## - SUBJECT ADDED ENTRY--FACETED TOPICAL TERMS
Focus term Getting More
942 ## - ADDED ENTRY ELEMENTS (KOHA)
Koha item type BOOK
Holdings
Withdrawn status Lost status Damaged status Not for loan Collection Home library Current library Shelving location Date acquired Source of acquisition Cost, normal purchase price Total Checkouts Full call number Barcode Date last seen Cost, replacement price Price effective from Koha item type
        AFT Fr. Agnel's C.Rodrigues College of Engineering Fr. Agnel's C.Rodrigues College of Engineering   17/03/2023 V.M.VAIDYA 68.00   1.6 AFT4747 17/03/2023 68.00 17/03/2023 BOOK